• 首页
  • 本馆介绍
  • 公告通知
  • 最新文献
  • 馆藏检索
  • 电子资源
  • 读者导购
  • 参考咨询
  • 我的图书馆
  • 登录
  • 详细信息显示
  • 放入我的书架
  • 预约/预借图书
  • 作者相关作品
  • 分类相关作品
  • 丛书相关作品
  • 出版社相关作品

书目信息

  • 表格格式
  • 工作单格式
  • 卡片格式
题名:
古生物学教程
    
 
作者: 何心一 , 徐桂荣 , 殷鸿福 编
分册:  
出版信息: 北京   地质出版社  1987
页数: 440页
开本: 26cm
丛书名:
单 册:
中图分类: Q91
科图分类:
主题词: 古生物学--高等学校--教材
电子资源:
ISBN:
000 00740nam0 2200277 45
001 0187010601
005 20040525103651.0
010    @dCNY4.40
091    @a13038.教275
100    @a19900912d1987 em y0chiy0121 ea
101 0  @achi
102    @aCN@b110000
105    @ay z 000yy
106    @ar
200 10 @a古生物学教程@Agu sheng wu xue jiao cheng@f何心一等编
210    @a北京@c地质出版社@d1987
215    @a440页@d26cm
300    @a高等学校教材
606    @a古生物学@x高等学校@x教材
690    @aQ91@v3
701  0 @a何心一@Ahe xin yi@4编
701  0 @a徐桂荣@Axu gui rong@4编
701  0 @a殷鸿福@Ayin hong fu@4编
801  0 @aCN@b深圳图书馆@c20040525
801  2 @aCN@bNLC@c20040525
905    @dQ91@e8=2@b206955-956@f2
    
    古生物学教程/何心一等编.-北京:地质出版社,1987
    440页;26cm
    高等学校教材
    
    ISBN :CNY4.40
    
●
相关链接 在E读中查询图书 在五车中查询图书 在当当中查询图书 在豆瓣中查询图书


正题名:古生物学教程     索取号:Q91/8=2         预约/预借

序号 登录号 条形码 馆藏地/架位号 状态 备注
1 0206955   000702403   第三借阅区/ [索取号:Q91/8=2] 在馆    
2 0206956   000702387   第三借阅区/ [索取号:Q91/8=2] 在馆    
3 0206957   202107692   第二样本阅览室/ [索取号:Q91/8=2] 在馆    
唐山师范学院图书馆 欢迎您!
大连网信软件有限公司© 版权所有